[Event "Hebraica op 31st"]
[Site "Hebraica"]
[Date "2023.07.02"]
[Round "6"]
[White "Wunderlich, Fabian"]
[Black "Tobal, Vitor Jose Evangeli"]
[Result "1-0"]
[WhiteElo "1789"]
[BlackElo "1456"]
[PlyCount "81"]
[EventDate "2023.06.30"]
[EventType "swiss"]
[EventRounds "6"]
[EventCountry "BRA"]
[SourceTitle "CBM 215 Extra"]
[Source "ChessBase"]
[SourceDate "2023.09.30"]
[SourceVersion "1"]
[SourceVersionDate "2023.09.30"]
[SourceQuality "1"]

1. d4 Nf6 2. c4 e6 3. Nf3 d5 4. g3 Bb4+ 5. Nbd2 0-0 6. Qc2 Nc6 7. Bg2 dxc4 8. Qxc4 Qe7 9. 0-0 Rd8 10. e3 e5 11. Nxe5 Nxe5 12. dxe5 Bxd2 13. exf6 Qxf6 14. Qxc7 Bb4 15. e4 Bd6 16. Qa5 h6 17. Bd2 Be6 18. Bc3 Qe7 19. Qb5 Rac8 20. e5 Bc5 21. Qxb7 Rc7 22. Qe4 Bd5 23. Qe2 Bc4 24. Qg4 Bxf1 25. Bxf1 Qe6 26. Qh4 Be7 27. Qa4 Rdc8 28. Rd1 Bc5 29. Ba6 Qf5 30. Rf1 Rd8 31. Bc4 Rcd7 32. Bb3 h5 33. Qc4 Bb6 34. e6 Rd1 35. exf7+ Kh8 36. Bxd1 Rxd1 37. Qf4 Rxf1+ 38. Kxf1 Qxf4 39. gxf4 Bc5 40. f5 Kh7 41. Bd4 1-0

[Event "Hebraica op 30th"]
[Site "Hebraica"]
[Date "2023.02.12"]
[Round "7"]
[White "Parijos de Melo, Luiz Claudio"]
[Black "Tobal, Vitor Jose Evangeli"]
[Result "1-0"]
[WhiteElo "1767"]
[BlackElo "1425"]
[PlyCount "100"]
[EventDate "2023.02.10"]
[EventType "swiss"]
[EventRounds "7"]
[EventCountry "BRA"]
[SourceTitle "CBM 212 Extra"]
[Source "ChessBase"]
[SourceDate "2023.03.31"]
[SourceVersion "1"]
[SourceVersionDate "2023.03.31"]
[SourceQuality "1"]

1. e4 c5 2. Nf3 d6 3. Bb5+ Bd7 4. Bxd7+ Nxd7 5. c4 Ngf6 6. Nc3 g6 7. d4 cxd4 8. Nxd4 Bg7 9. 0-0 0-0 10. Be3 Rc8 11. b3 Qa5 12. Rc1 a6 13. f3 b5 14. Nd5 bxc4 15. Nxe7+ Kh8 16. Nxc8 Rxc8 17. bxc4 Nc5 18. Rf2 Kg8 19. Nb3 Nxb3 20. axb3 Qb4 21. Ra2 Rc6 22. Ra4 Qb7 23. c5 dxc5 24. Rxc5 Re6 25. Rac4 Re8 26. Qc2 h5 27. Rc7 Qb5 28. Rc8 Qa5 29. Kf2 Kh7 30. Rxe8 Nxe8 31. Ra4 Qd8 32. Rxa6 Qh4+ 33. Kf1 Qxh2 34. Bg1 Qf4 35. Rc6 Nd6 36. b4 Qe5 37. Be3 Qb5+ 38. Kf2 Qxb4 39. Rb6 Nb5 40. Qe2 Qe7 41. Rxb5 Qh4+ 42. Kg1 Qg3 43. Bf2 Qc7 44. Rd5 Qc6 45. g3 Kg8 46. Kg2 f6 47. Rc5 Qe8 48. Qc4+ Kh7 49. Be3 g5 50. Rc8 Qg6 1-0

[Event "Hebraica op 30th"]
[Site "Hebraica"]
[Date "2023.02.11"]
[Round "3"]
[White "Carajelescov, Rafael Santone"]
[Black "Tobal, Vitor Jose Evangeli"]
[Result "0-1"]
[WhiteElo "1785"]
[BlackElo "1425"]
[PlyCount "37"]
[EventDate "2023.02.10"]
[EventType "swiss"]
[EventRounds "7"]
[EventCountry "BRA"]
[SourceTitle "CBM 212 Extra"]
[Source "ChessBase"]
[SourceDate "2023.03.31"]
[SourceVersion "1"]
[SourceVersionDate "2023.03.31"]
[SourceQuality "1"]

1. e4 c5 2. Nf3 Nc6 3. d4 cxd4 4. Nxd4 Nf6 5. Nc3 e5 6. Ndb5 d6 7. Bg5 a6 8. Na3 b5 9. Nd5 Be7 10. Bxf6 Bxf6 11. c3 0-0 12. Be2 Be6 13. c4 Bxd5 14. Qxd5 Nd4 15. cxb5 axb5 16. Bd3 Qa5+ 17. Kf1 Qd2 18. Bxb5 Qxb2 19. Rb1 0-1

[Event "Jundiai Paulista Cup"]
[Site "Jundiai"]
[Date "2022.12.09"]
[Round "1"]
[White "Tobal, Vitor Jose Evangeli"]
[Black "Gazola, Vanessa Ramos"]
[Result "0-1"]
[WhiteElo "1425"]
[BlackElo "1949"]
[PlyCount "40"]
[EventDate "2022.12.09"]
[EventType "swiss"]
[EventRounds "6"]
[EventCountry "BRA"]
[SourceTitle "CBM 212 Extra"]
[Source "ChessBase"]
[SourceDate "2023.03.31"]
[SourceVersion "1"]
[SourceVersionDate "2023.03.31"]
[SourceQuality "1"]

1. c4 e5 2. g3 Nf6 3. Bg2 d5 4. cxd5 Nxd5 5. Nc3 Nb6 6. Nf3 Nc6 7. 0-0 Be7 8. d3 0-0 9. a3 Kh8 10. b4 a6 11. Be3 f5 12. Bxb6 cxb6 13. Nd2 Be6 14. Nc4 b5 15. Ne3 Rc8 16. Rc1 Bg5 17. h4 Bh6 18. Nc2 Bxc1 19. Qxc1 Nd4 20. Qd2 Rxc3 0-1

[Event "Sao Paulo Hebraica op 28th"]
[Site "Sao Paulo"]
[Date "2022.01.16"]
[Round "6"]
[White "Valio, Daniel Santos Marqu"]
[Black "Tobal, Vitor Jose Evangeli"]
[Result "1-0"]
[WhiteElo "1787"]
[BlackElo "1425"]
[PlyCount "73"]
[EventDate "2022.01.14"]
[EventType "swiss"]
[EventRounds "6"]
[EventCountry "BRA"]
[SourceTitle "CBM 206 Extra"]
[Source "ChessBase"]
[SourceDate "2022.03.31"]
[SourceVersion "1"]
[SourceVersionDate "2022.03.31"]
[SourceQuality "1"]

1. e4 c5 2. Nf3 Nf6 3. e5 Nd5 4. Nc3 e6 5. Ne4 d6 6. Nxd6+ Bxd6 7. exd6 Qxd6 8. d4 0-0 9. c4 Nf6 10. Be3 cxd4 11. Bxd4 Nc6 12. Bxf6 Qxd1+ 13. Rxd1 gxf6 14. a3 e5 15. b4 Bg4 16. Be2 e4 17. Nd4 Bxe2 18. Kxe2 Ne5 19. Rc1 Rfd8 20. Nb5 Nd3 21. Rc3 a6 22. Nc7 Rac8 23. Nxa6 bxa6 24. g4 Nf4+ 25. Ke3 Rd3+ 26. Rxd3 Nxd3 27. c5 a5 28. Rb1 axb4 29. axb4 Rb8 30. c6 Ne5 31. c7 Rc8 32. Rc1 Nxg4+ 33. Kxe4 Nxf2+ 34. Kd5 Nd3 35. b5 Nf4+ 36. Kd6 Ne6 37. b6 1-0

[Event "Sao Paulo Hebraica op 28th"]
[Site "Sao Paulo"]
[Date "2022.01.15"]
[Round "4"]
[White "Li, Zongze"]
[Black "Tobal, Vitor Jose Evangeli"]
[Result "0-1"]
[WhiteElo "1800"]
[BlackElo "1425"]
[PlyCount "40"]
[EventDate "2022.01.14"]
[EventType "swiss"]
[EventRounds "6"]
[EventCountry "BRA"]
[SourceTitle "CBM 206 Extra"]
[Source "ChessBase"]
[SourceDate "2022.03.31"]
[SourceVersion "1"]
[SourceVersionDate "2022.03.31"]
[SourceQuality "1"]

1. e4 c5 2. Nf3 Nc6 3. d4 cxd4 4. Nxd4 Nf6 5. Nc3 e5 6. Nxc6 bxc6 7. Bg5 Rb8 8. Rb1 h6 9. Bh4 g5 10. Bg3 Qa5 11. a3 Nxe4 12. Bd3 Nxc3 13. bxc3 Qxc3+ 14. Ke2 Rxb1 15. Qxb1 Bg7 16. Qb8 0-0 17. Qxa7 d5 18. f3 f5 19. Kd1 Qa1+ 20. Kd2 Qxh1 0-1